अज्ञेय - साहित्य विमर्श (Record no. 115178)

MARC details
000 -LEADER
fixed length control field 01051nam a2200265Ia 4500
003 - CONTROL NUMBER IDENTIFIER
control field OSt
005 - DATE AND TIME OF LATEST TRANSACTION
control field 20220918110836.0
008 - FIXED-LENGTH DATA ELEMENTS--GENERAL INFORMATION
fixed length control field 220915b |||||||| |||| 00| 0 hin d
020 ## - INTERNATIONAL STANDARD BOOK NUMBER
International Standard Book Number 9788181292952 (hbk (Set))
037 ## - SOURCE OF ACQUISITION
Terms of availability Reference Collections
040 ## - CATALOGING SOURCE
Original cataloging agency ARTS
Transcribing agency ARTS
Language of cataloging hin
041 ## - LANGUAGE CODE
Source of code hin
Language code of text/sound track or separate title hin
100 ## - MAIN ENTRY--PERSONAL NAME
Personal name पाण्डेय, सुरेश चन्द्र
9 (RLIN) 9813
245 #0 - TITLE STATEMENT
Title अज्ञेय - साहित्य विमर्श
246 ## - VARYING FORM OF TITLE
Title proper/short title Ajnyeya - sāhitya vimarsha
260 ## - PUBLICATION, DISTRIBUTION, ETC.
Place of publication, distribution, etc. नई दिल्ली
Name of publisher, distributor, etc. नमन प्रकाशन भारत
Date of publication, distribution, etc. 2010
490 ## - SERIES STATEMENT
Volume/sequential designation भाग 1
650 ## - SUBJECT ADDED ENTRY--TOPICAL TERM
Topical term or geographic name entry element हिन्दी साहित्य
942 ## - ADDED ENTRY ELEMENTS (KOHA)
Classification part O152,1N11:g, Q0.1-.4(RR)
Koha item type Reference
Holdings
Withdrawn status Lost status Damaged status Not for loan Home library Current library Date acquired Source of acquisition Cost, normal purchase price Serial Enumeration / chronology Total Checkouts Full call number Barcode Date last seen Cost, replacement price Price effective from Koha item type
        Arts Library Arts Library 2022-09-18 1861, 16/07/2012, Kiran Book Service 2650.00 भाग 1   O152,1N11:g Q0.1-.4(RR) AL1487599 2022-09-18 2650.00 2022-09-18 Reference
Copyright @ Delhi University Library System